Bandiere con solo Blu e Bianco - Quiz immagini - Statistics

Statistiche generali
  • Questo quiz è stato fatto 230 volte
  • Il punteggio medio è 5 su 6
Statistiche sulle risposte
con Immagini Risposta % Corretto
Finlandia
99%
Grecia
99%
Israele
97%
Honduras
85%
Somalia
85%
Micronesia
80%
Nessun quiz corrispondente trovato
Distribuzione punteggi
Percentuale di utenti per punteggio
Percentile per numero di risposta
I tuoi punteggi nel tempo
Non hai fatto questo quiz